00421nam a2200145Ia 4500003000400000008004100004040001600045082001900061100002400080245006800104260005100172300001000223650001000233650003200243GCL140319s9999 xx 000 0 eng d aGCL / cGCL04a782.10924bK V1 aKIMBELL, DAVID R. B10aVERDI IN THE AGE OF ITALIAN ROMANTICISM / cKIMBELL, DAVID R. B a[S.N] : bCAMLRIDGE UNIVERSITY PRESS ، c1985 a706 P04aOPERA04aVERDI, GIUSEPPE 1813 - 1901